000 00727nam a22002297a 4500
005 20170124110235.0
010 _aB-079937
020 _c00.00
_a8173052239
035 _aB-079937
037 _bCen Lib/Ret
040 _aDPL
_bEN
082 _a954.19
_bBAL
100 _aBalasubramaniam, R
_941900
245 _aDelhi iron pillar :
_cby R. Balasubramaniam
_bnew insights /
260 _aShimla
_bIndian Institute of Advanced Study
_c2002
270 _aRashtrapati Nivas
_bShimla
_e171005
300 _axxii,168p.
_c28cm(Hb)
500 _aIncludes bibliographical references and index
650 _aAntiquities
_919751
650 _aIron Pillar (Delhi, India)
_941901
942 _2ddc
_cEN
_h954.19
_mBAL
999 _c134834
_d134834